Catena aurea : (Record no. 6803)
[ view plain ]
| 000 -LEADER | |
|---|---|
| fixed length control field | 01637nam a2200385Ia 4500 |
| 001 - CONTROL NUMBER | |
| control field | 292877 |
| 003 - CONTROL NUMBER IDENTIFIER | |
| control field | GBCCL |
| 005 - DATE AND TIME OF LATEST TRANSACTION | |
| control field | 20241126110612.0 |
| 006 - FIXED-LENGTH DATA ELEMENTS--ADDITIONAL MATERIAL CHARACTERISTICS | |
| fixed length control field | m||||fo||d| |||||| |
| 007 - PHYSICAL DESCRIPTION FIXED FIELD--GENERAL INFORMATION | |
| fixed length control field | cr|g||008|pbda |
| 008 - FIXED-LENGTH DATA ELEMENTS--GENERAL INFORMATION | |
| fixed length control field | 930201m18421845enk s 000|0 eng d |
| 020 ## - INTERNATIONAL STANDARD BOOK NUMBER | |
| Canceled/invalid ISBN | 052406055X (microfiche) |
| 035 ## - SYSTEM CONTROL NUMBER | |
| System control number | (OCoLC)681432077 |
| 035 ## - SYSTEM CONTROL NUMBER | |
| System control number | (ATLA)ATLAP000025425 |
| 040 ## - CATALOGING SOURCE | |
| Transcribing agency | GBC |
| 041 1# - | |
| -- | eng |
| -- | lat |
| 049 ## - | |
| -- | LBBR |
| 082 ## - DEWEY DECIMAL CLASSIFICATION NUMBER | |
| Classification number | 226.07 |
| Item number | CAT |
| 090 ## - LOCALLY ASSIGNED LC-TYPE CALL NUMBER (OCLC); LOCAL CALL NUMBER (RLIN) | |
| Classification number (OCLC) (R) ; Classification number, CALL (RLIN) (NR) | BS2555.A2 |
| 130 0# - | |
| -- | Catena aurea. |
| -- | English |
| -- | 12190 |
| 245 10 - TITLE STATEMENT | |
| Title | Catena aurea : |
| Remainder of title | commentary on the four Gospels / |
| Statement of responsibility, etc. | collected out of the works of the Fathers by S. Thomas Aquinas. |
| 260 ## - PUBLICATION, DISTRIBUTION, ETC. | |
| Place of publication, distribution, etc. | Oxford : |
| Name of publisher, distributor, etc. | J.H. Parker, |
| Date of publication, distribution, etc. | 1842-1845. |
| 300 ## - PHYSICAL DESCRIPTION | |
| Extent | 4 v. ; |
| Dimensions | 22 cm. |
| 500 ## - GENERAL NOTE | |
| General note | Preface signed: J.H.N. |
| 505 0# - FORMATTED CONTENTS NOTE | |
| Formatted contents note | v. 1. St. Matthew -- v. 2. St. Mark -- v. 3. St. Luke -- v. 4. St. John. |
| 533 ## - | |
| -- | Electronic reproduction. |
| -- | Ipswich, MA : |
| -- | EBSCO, |
| -- | 2009. |
| -- | Electronic reproduction from microform master produced by the American Theological Library Association. |
| 590 ## - LOCAL NOTE (RLIN) | |
| Local note | Digital version created by EBSCO from ATLA microform. |
| 630 00 - SUBJECT ADDED ENTRY--UNIFORM TITLE | |
| Uniform title | Bible. |
| Name of part/section of a work | N.T. |
| -- | Gospels |
| General subdivision | Commentaries |
| -- | Early works to 1800. |
| 9 (RLIN) | 12191 |
| 700 1# - ADDED ENTRY--PERSONAL NAME | |
| Personal name | Newman, John Henry, |
| Dates associated with a name | 1801-1890. |
| 9 (RLIN) | 12192 |
| 700 0# - ADDED ENTRY--PERSONAL NAME | |
| Personal name | Thomas, |
| Titles and other words associated with a name | Aquinas, Saint, |
| Dates associated with a name | 1225?-1274. |
| 9 (RLIN) | 8570 |
| 730 02 - | |
| -- | Bible. |
| -- | N.T. |
| -- | Gospels. |
| -- | English. |
| -- | 1842. |
| -- | 12193 |
| 740 0# - | |
| -- | Commentary on the four Gospels. |
| 856 40 - ELECTRONIC LOCATION AND ACCESS | |
| Materials specified | Full text available |
| Public note | LBC Link to Full Text; Click for Access |
| Uniform Resource Identifier | <a href="http://lbc.idm.oclc.org:80/login?url=http://search.ebscohost.com/login.aspx?direct=true&db=h7h&bquery=(HJ+5MVL)&type=1&site=ehost-live">http://lbc.idm.oclc.org:80/login?url=http://search.ebscohost.com/login.aspx?direct=true&db=h7h&bquery=(HJ+5MVL)&type=1&site=ehost-live</a> |
| 942 ## - ADDED ENTRY ELEMENTS (KOHA) | |
| Source of classification or shelving scheme | Dewey Decimal Classification |
| Koha item type | Reference Books |
| Withdrawn status | Lost status | Source of classification or shelving scheme | Damaged status | Not for loan | Home library | Current Library | Shelving location | Date acquired | Total checkouts | Full call number | Barcode | Date last seen | Copy number | Price effective from | Koha item type |
|---|---|---|---|---|---|---|---|---|---|---|---|---|---|---|---|
| Dewey Decimal Classification | GRACE BIBLE COLLEGE | GRACE BIBLE COLLEGE | Commentary | 2018-06-28 | 226.07 CAT | 000117 | 2025-05-01 | v.1 | 2018-06-28 | Reference Books | |||||
| Dewey Decimal Classification | GRACE BIBLE COLLEGE | GRACE BIBLE COLLEGE | Commentary | 2018-06-28 | 226.07 CAT | 000120 | 2025-05-01 | v.2 | 2018-06-28 | Reference Books |